It looks like you're offline.
Open Library logo
additional options menu

MARC record from Internet Archive

LEADER: 01815cam 22004694a 4500
001 ocm46829080
003 OCoLC
005 20110520154721.0
008 010417s2001 paua c b 001 0beng
010 $a 2001028907
040 $aDLC$cDLC$dDPL$dBAKER$dBTCTA$dIG#$dYVO
020 $a0791065316 (alk. paper)
020 $a9780791065310 (alk. paper)
020 $a0791065324 (pbk. : alk. paper)
020 $a9780791065327 (pbk. : alk. paper)
035 $a(OCoLC)46829080
042 $apcc$alcac
043 $an-us---
050 00 $aGV1015.26.R44$bB35 2001
082 14 $a796.325/092$aB$221
100 1 $aBalcavage, Dynise.
245 10 $aGabrielle Reece /$cDynise Balcavage ; introduction by Hannah Storm.
260 $aPhiladelphia :$bChelsea House Publishers,$cc2001.
300 $a64 p. :$bcol. ill. ;$c25 cm.
490 1 $aWomen who win
504 $aIncludes bibliographical references (p. 62) and index.
520 $aA brief summary of the professional volleyball player who is also a model, and is looking forward to a career as a pro golfer.
600 10 $aReece, Gabrielle$vJuvenile literature.
650 0 $aVolleyball players$zUnited States$vBiography$vJuvenile literature.
650 0 $aWomen volleyball players$zUnited States$vBiography$vJuvenile literature.
600 11 $aReece, Gabrielle.
650 1 $aVolleyball players.
650 1 $aWomen$vBiography.
830 0 $aWomen who win.
938 $aBaker & Taylor$bBKTY$c25.00$d25.00$i0791065316$n0003731397$sactive
938 $aBaker & Taylor$bBKTY$c8.95$d6.71$i0791065324$n0003731398$sactive
938 $aBaker and Taylor$bBTCP$n2001028907
938 $aIngram$bINGR$n9780791065310
029 1 $aAU@$b000022658431
029 1 $aIG#$b9780791065310
994 $aZ0$bPMR
948 $hNO HOLDINGS IN PMR - 137 OTHER HOLDINGS